Entrepreneurship development / (Record no. 11138)

MARC details
000 -LEADER
fixed length control field 00616nam a22002297a 4500
005 - DATE AND TIME OF LATEST TRANSACTION
control field 20210211152851.0
008 - FIXED-LENGTH DATA ELEMENTS--GENERAL INFORMATION
fixed length control field 210211b ||||| |||| 00| 0 eng d
020 ## - INTERNATIONAL STANDARD BOOK NUMBER
International Standard Book Number 8122414346
040 ## - CATALOGING SOURCE
Original cataloging agency IN-DiNC
Transcribing agency IN-DiNC
041 ## - LANGUAGE CODE
Language code of sung or spoken text English
082 ## - DEWEY DECIMAL CLASSIFICATION NUMBER
Classification number 338.04
Item number ENT
100 ## - MAIN ENTRY--PERSONAL NAME
Personal name Kumar, S Anil
Relator term Author
245 ## - TITLE STATEMENT
Title Entrepreneurship development /
Statement of responsibility, etc. by S Anil Kumar and others
250 ## - EDITION STATEMENT
Edition statement Rep.
260 ## - PUBLICATION, DISTRIBUTION, ETC.
Place of publication, distribution, etc. New Delhi:
Name of publisher, distributor, etc. New age,
Date of publication, distribution, etc. 2003
300 ## - PHYSICAL DESCRIPTION
Extent 283p.
650 ## - SUBJECT ADDED ENTRY--TOPICAL TERM
Topical term or geographic name entry element Entrepreneurship
700 ## - ADDED ENTRY--PERSONAL NAME
Personal name Poornima, S C
Relator term Author
700 ## - ADDED ENTRY--PERSONAL NAME
Personal name Abraham, Mini K
Relator term Author
700 ## - ADDED ENTRY--PERSONAL NAME
Personal name Jayashree, K
Relator term Author
942 ## - ADDED ENTRY ELEMENTS (KOHA)
Source of classification or shelving scheme Dewey Decimal Classification
Koha item type Books
Holdings
Withdrawn status Lost status Source of classification or shelving scheme Damaged status Not for loan Collection code Home library Current library Shelving location Date acquired Cost, normal purchase price Total Checkouts Full call number Barcode Date last seen Date last checked out Copy number Price effective from Koha item type
    Dewey Decimal Classification     Commerce Naharkatiya College Library Naharkatiya College Library General Stacks 11/02/2021 185.00 4 338.04 ENT 1635 11/11/2021 26/10/2021 1 11/02/2021 Books

Naharkatiya College © 2020. All rights reserved.

Powered By